000 00671cam a22002053a 4500
001 41661
003 PGUSA
005 20140828083935.0
008 121219s2012||||xxu|||||s|||||000 | eng d
040 _aPGUSA
_beng
042 _adc
100 1 _aHancock, H. Irving
_q(Harrie Irving),
_d1868-1922
245 1 0 _aDave Darrin on the Asiatic Station :
_bWinning Lieutenants' Commissions on the Admiral's Flagship
_h[electronic resource] /
_cH. Irving Hancock
260 _bProject Gutenberg,
_c2012
506 _aPublic domain in the USA.
516 _aElectronic text
830 0 _aProject Gutenberg
_v41661
856 4 0 _uhttp://www.gutenberg.org/ebooks/41661
942 _cEB
999 _c270913
_d270913